The new book of etiquette (Record no. 21832)

MARC details
000 -LEADER
campo de control de longitud fija 00488ntaaa2200193 4500
003 - IDENTIFICADOR DE NÚMERO DE CONTROL
campo de control 01
005 - FECHA Y HORA DE LA ÚLTIMA TRANSACCIÓN
campo de control 20251027202649.0
008 - DATOS DE LONGITUD FIJA--INFORMACIÓN GENERAL
campo de control de longitud fija 0714s1973 ag 01
040 ## - FUENTE DE CATALOGACIÓN
Centro catalogador/agencia de origen AR-BaBN
Lengua de catalogación spa
Centro/agencia transcriptor AR-BaBN
Normas de descripción aacr
Centro/agencia modificador RIC
082 ## - NÚMERO DE LA CLASIFICACIÓN DECIMAL DEWEY
Número de clasificación 395.0000 Ei2
100 ## - ENTRADA PRINCIPAL--NOMBRE DE PERSONA
Nombre de persona Eichler, Lillian
9 (RLIN) 26150
245 ## - MENCIÓN DEL TÍTULO
Título The new book of etiquette
250 ## - MENCION DE EDICION
Mención de edición 1 ed.
260 ## - PUBLICACIÓN, DISTRIBUCIÓN, ETC.
Lugar de publicación, distribución, etc. Garden City, New York :
Nombre del editor, distribuidor, etc. Garden City Publishing Company,
Fecha de publicación, distribución, etc. c1924
300 ## - DESCRIPCIÓN FÍSICA
Extensión 277 p
500 ## - NOTA GENERAL
Nota general Etiqueta
650 ## - PUNTO DE ACCESO ADICIONAL DE MATERIA--TÉRMINO DE MATERIA
Término de materia o nombre geográfico como elemento de entrada etiqueta
942 ## - ELEMENTOS DE ENTRADA SECUNDARIOS (KOHA)
Tipo de ítem Koha Colección General
Holdings
Estatus retirado Estado de pérdida Estado de daño No para préstamo Biblioteca de origen Biblioteca actual Fecha de adquisición Número de inventario Total de préstamos Signatura topográfica completa Código de barras Visto por última vez Precio de reemplazo Tipo de ítem Koha
        Biblioteca Pluis Biblioteca Pluis 27/10/2025 20040   395.0000 Ei2 20040 27/10/2025 27/10/2025 Colección General